Everday world of sciene

Bibliographic Details
Main Author: Kerrod, Robin
Format: Book
Published: s.l. : Beehive Books , 1993
Subjects:

MARC

LEADER 00000cam a2200000 7i4500
001 0000006441
002 000006950
005 20000330.0
020 |a 0750089997 
090 0 0 |a J 507.8   |b KER 
100 1 |a Kerrod, Robin 
245 1 0 |a Everday world of sciene   |c Robin Kerrod 
260 |a s.l. :   |b Beehive Books ,   |c 1993 
300 |a 160p. :   |b ill ;   |c 28cm. 
650 0 0 |a Science   |x Experiments 
999 |a 00074316   |b BUKU   |c PINJAMAN   |e PERPUSTAKAAN KOMUNITI PETALING JAYA 
999 |a 00074317   |b BUKU   |c PINJAMAN   |e PERPUSTAKAAN KOMUNITI PETALING JAYA 
999 |a 038023   |b BUKU   |c PINJAMAN   |e PERPUSTAKAAN KOMUNITI PETALING JAYA